The sketchbook of Villard de Honnecourt /

Bibliographic Details
Main Author: Villard de Honnecourt, active 13th century
Corporate Author: Bibliothèque nationale de France
Other Authors: Bowie, Theodore Robert
Format: Book
Language:English
Published: ©1959
Edition:2nd ed., rev.
Subjects:

MARC

Tag First Indicator Second Indicator Subfields
LEADER 00000cam a22000007 4500
001 in00000032022
005 20151007055019.0
008 821209s1959 inuh b 00110 eng d
035 |a (OCoLC)09036799 
035 |9 AAB6985AM 
040 |a BOS  |c BOS  |d TXA  |d UtOrBLW 
049 |a TXAM  |c [A11490875] 
050 4 |a NA1053.V6  |b V53 1959 
100 0 |a Villard de Honnecourt,  |d active 13th century. 
245 1 4 |a The sketchbook of Villard de Honnecourt /  |c Edited by Theodore Bowie. 
250 |a 2nd ed., rev. 
264 2 |a Bloomington :  |b Indiana University; distributed by G. Wittenborn, New York,  |c [1959] 
264 4 |c ©1959 
300 |a 80 pages :  |b facsimiles ;  |c 23 cm. 
336 |a text  |b txt  |2 rdacontent 
337 |a unmediated  |b n  |2 rdamedia 
338 |a volume  |b nc  |2 rdacarrier 
500 |a The drawings, which are arranged by subject in this edition, have been reproduced from Ms. 19093 of the French collection in the Bibliothèque nationale in Paris. 
504 |a Bibliography: page 6. 
500 |a Includes index. 
650 0 |a Architecture, Medieval. 
650 0 |a Drawing, French. 
650 0 |a Manuscripts, French  |v Facsimiles. 
700 1 |a Bowie, Theodore Robert. 
710 2 |a Bibliothèque nationale de France.  |k Manuscript.  |n Français 19093. 
999 |a MARS 
999 f f |s 29575664-6506-3c42-b27f-c6054f573cad  |i d085d129-2944-39e4-b964-341d5faf7946  |t 0 
952 f f |p ric  |a Texas A&M University  |b Rellis Campus  |c Joint Library Facility  |d Remote Storage  |t 0  |e NA1053.V6 V53 1959  |h Library of Congress classification  |i unmediated -- volume  |m A14811490875 
998 f f |a NA1053.V6 V53 1959  |t 0  |l Remote Storage